Piazzamenti delle Nazionali agli Europei "Francia 2016" - Statistics

Statistiche generali
  • Questo quiz è stato fatto 12 volte
  • Il punteggio medio è 13 su 24
Statistiche sulle risposte
Hint Risposta % Corretto
Portogallo Campione
100%
Ucraina Fase a gironi
100%
Romania Fase a gironi
91%
Albania Fase a gironi
91%
Francia Secondo posto
91%
Repubblica Ceca Fase a gironi
82%
Austria Fase a gironi
73%
Svezia Fase a gironi
64%
Italia Quarti di finale
64%
Germania Semifinale
64%
Turchia Fase a gironi
55%
Inghilterra Ottavi di finale
55%
Belgio Quarti di finale
55%
Galles Semifinale
55%
Svizzera Ottavi di finale
45%
Spagna Ottavi di finale
45%
Russia Fase a gironi
36%
Croazia Ottavi di finale
36%
Islanda Quarti di finale
36%
Irlanda Ottavi di finale
27%
Polonia Quarti di finale
27%
Slovacchia Ottavi di finale
18%
Ungheria Ottavi di finale
18%
Irlanda del Nord Ottavi di finale
18%
Nessun quiz corrispondente trovato
Distribuzione punteggi
Percentuale di utenti per punteggio
Percentile per numero di risposta
I tuoi punteggi nel tempo
Non hai fatto questo quiz